Ľahší vstup do rozvojového sveta

Dohoda WTO o liberalizácii finančných služieb. Trh, ktorý dohoda zasiahne. Nadobudnutie účinnosti dohody. Názory na liberalizáciu vyspelých a rozvojových štátov.

Salvato in:
Dettagli Bibliografici
Autore principale: Janoška, Juraj
Natura: Libro
Lingua:slovacco
Soggetti:
Tags: Aggiungi Tag
Nessun Tag, puoi essere il primo ad aggiungerne!!

MARC

LEADER 00000nam a2200000 4500
001 r030179
005 20230824093248.2
041 0 |a slo 
044 |a SK 
245 1 0 |a Ľahší vstup do rozvojového sveta  |c Juraj Janoška 
520 |a Dohoda WTO o liberalizácii finančných služieb. Trh, ktorý dohoda zasiahne. Nadobudnutie účinnosti dohody. Názory na liberalizáciu vyspelých a rozvojových štátov. 
610 2 0 |a služby finančné 
610 2 0 |a dohody medzinárodné 
610 2 0 |a krajiny rozvojové 
610 2 0 |a krajiny vyspelé 
610 2 0 |a liberalizácia 
610 2 0 |a Svetová obchodná organizácia 
100 1 |a Janoška, Juraj